000 00623nam a2200193Ia 4500
003 GCL
008 140319s9999 xx 000 0 ara d
040 _aGCL /
_cGCL
082 0 4 _a001.6424
_bغ د
100 1 _aغوكين، دان
245 1 0 _aدليل مايكروسوفت لادارة الذاكرة مع النظامDOS 5 /
_cغوكين، دان
260 _a[S.N] :
_bالدار العربية للعلوم ،
_c1993
300 _a181
490 _a
650 0 4 _aالحاسبات الالكترونية
650 0 4 _aدوس
650 0 4 _aبرامج الحاسبات الالكترونية
942 _2ddc
_cBK
999 _c53591
_d53591